|
|
|
|
| LEADER |
00000cam a2200000 7i4500 |
| 001 |
0000031236 |
| 005 |
20260303.0 |
| 008 |
260129s2024 my a x 0 p may d |
| 020 |
|
|
|a 9879678926669 (
|q paperback) ,
|c RM29.80
|
| 040 |
|
|
|a BNM
|b eng
|c INS
|e rda
|
| 041 |
0 |
|
|a mal
|
| 090 |
0 |
0 |
|a KPG2300. A31976
|b M35 2024
|
| 110 |
1 |
|
|a Malaysia
|e jurisdiction governed
|
| 245 |
1 |
0 |
|a AKTA KERAJAAN TEMPATAN 1976 (AKTA 171) & PERUNDANGAN SUBSIDIARI TERPILIH (HINGGA 10HB OGOS 2024)
|c disusun oleh Lembaga Penyelidikan Undang-undang
|
| 264 |
|
1 |
|a Petaling Jaya, Selangor :
|b International Law Book Services
|c 2024
|
| 300 |
|
|
|a 367 pages ;
|c 24 cm.
|
| 336 |
|
|
|a text
|2 rdacontent
|
| 337 |
|
|
|a unmediated
|2 rdamedia
|
| 338 |
|
|
|a volume
|2 rdacarrier
|
| 490 |
1 |
|
|a UNDANG-UNDANG MALAYSIA
|
| 650 |
|
0 |
|a Local government
|x Law and legistlation
|z Malaysia
|
| 710 |
2 |
|
|a Lembaga Penyelidikan Undang-undang
|e editor
|
| 999 |
|
|
|a 1000004799
|b BOOK
|c Acts
|e Default branch
|
| 999 |
|
|
|a 1000004800
|b BOOK
|c Acts
|e Default branch
|